000 00841nas a2200265 4500
001 BR2014003923
003 BR-BrBNA
005 20231205124156.0
007 ta
008 230509b bl.|||p| |||| 00| 00por d
040 _aBR-BrBNA
_bpor
_cBiblioteca Nacional de Agricultura
041 _a(Pt)
072 _aK50
100 1 _aLima, A.J.M. de
100 1 _aIwakiri, S.
245 1 _aUtilização de resíduos da madeira de Pinus spp. como substituição ao agregado miúdo na produção de blocos de concreto para alvenaria estrutural
650 _aPINUS SPP
650 _aPINHEIRO
650 _aMADEIRA
650 _aRESÍDUO
650 _aTORA
773 0 _tCiência Florestal (Brazil)
_xISSN 0103-9954
_g(Jan-Mar 2014), v. 24(1) p. 223-235
_wBR2014003923
909 _a202311
_bLúcia
_c55
_dLúcia Elande
942 _2AGRIS
_n0
_cANA
999 _c237685
_d237685